[Event "1st Easter Festival-A 2021"]
[Site "Bassano del Grappa"]
[Date "2021.04.02"]
[Round "2.1"]
[White "Bernadskiy, Vitaliy"]
[Black "Lumachi, Gabriele"]
[Result "1-0"]
[WhiteElo "2599"]
[BlackElo "2316"]
[Annotator "TA"]
[PlyCount "101"]
[EventDate "2021.04.01"]
[EventType "swiss"]
[EventCountry "ITA"]
[SourceTitle "playchess.com"]
[Source "ChessBase"]
[SourceQuality "1"]

{[%evp 9,101,32,53,38,47,29,44,44,41,40,27,37,47,40,39,33,49,-9,-30,-35,0,0,0,-30,0,0,0,-16,110,97,106,8,8,8,8,8,8,8,8,8,8,8,8,-61,0,0,0,0,0,0,0,0,86,60,168,168,168,168,171,171,168,168,162,159,159,166,233,164,166,70,70,70,70,70,647,646,614,606,662,635,832,748,584,1526,580,512,29966,29965,29975,29977,29976,29975,29977,29974]} 1. Nc3 e5 2. Nf3 Nc6 3. d4 exd4 4. Nxd4 Bb4 5. Nxc6 dxc6 6. Qxd8+ {A00: Irregular Openings.} Kxd8 7. Bg5+ f6 8. O-O-O+ {White is slightly better.} Bd7 9. Bd2 {[#]} Kc8 $146 ({Predecessor:} 9... Ne7 10. e4 Ke8 11. Bc4 b5 12. Bb3 c5 13. a3 Bxc3 14. Bxc3 c4 15. Ba2 a5 {0-1 (40) Keller,A (1959)-Staedele,T (2051) Augsburg 2013}) 10. a3 Bd6 11. e4 a5 12. f4 b5 {[%cal Bb7b5,Bb5b4][%mdl 32]} 13. Be3 (13. Re1 $14) 13... Nh6 $11 14. h3 b4 15. Na4 bxa3 16. g4 axb2+ 17. Kb1 Re8 18. Bd3 f5 (18... Ng8 $11) 19. e5 $16 fxg4 20. Bc5 (20. hxg4 $16 Bf8 21. g5) 20... Bxc5 $11 (20... gxh3 $2 21. exd6 Bg4 22. Rdg1 $18 (22. d7+ Bxd7 23. Bxh7 Rh8 $16)) 21. Nxc5 Bf5 (21... gxh3 $2 22. Be4 $18) 22. hxg4 Bxd3 (22... Bxg4 $6 23. Rdg1 $18) 23. Rxd3 {Threatening Rd7.} Rb8 (23... Nxg4 $6 24. Rg3 $16) 24. Rb3 Rb5 25. Rxb5 cxb5 {[%mdl 4096] Endgame KRN-KRN} 26. e6 (26. Kxb2 $11 a4 27. c4) 26... Rg8 ({Better is} 26... Nxg4 $15 27. Rxh7 Rg8) 27. Rg1 g6 28. c4 bxc4 29. Kxb2 Rf8 30. Kc3 Kd8 ({Don't blunder} 30... Rxf4 $2 31. e7 $18) (30... c6 $11 {remains equal.}) 31. Rd1+ $16 Ke8 {[#]} (31... Kc8 $1 $14) 32. Na6 $1 $18 {[%cal Ra6c7]} Ke7 ({But not} 32... Rxf4 $2 33. Nxc7+ Kf8 34. Rd8+ Ke7 35. Rd7+ Kf6 36. e7 $18) ({Wrong is} 32... Nxg4 $2 33. Rd7 $18) 33. Rd7+ Kxe6 34. Nc5+ Kf6 35. Rxh7 {Hoping for Nd7+.} Rf7 36. Rxh6 {Black must now prevent f5. KRN-KR} Ke7 37. Rxg6 Rxf4 38. g5 Rg4 39. Rg7+ ({White should try} 39. Re6+ $18 Kf7 40. Re5) 39... Kd6 $14 40. Nd7 {Threatens to win with Nf6.} Ke6 41. g6 {Strongly threatening Nf8+.} Kf5 $2 {[%mdl 8192] This move loses the game for Black.} (41... c5 $14) 42. Rf7+ $18 Ke6 43. Nf8+ {[%mdl 64] [#] Discovered Attack} Kd5 44. Rf5+ Kd6 45. Rxa5 c5 46. Ra7 Kd5 47. Rd7+ Kc6 (47... Ke5 $18 48. g7 Kf6 49. Nh7+ Ke6) 48. g7 {White mates.} Kb5 49. Ne6 Rg3+ 50. Kc2 Rg2+ 51. Rd2 {Weighted Error Value: White=0.11/Black=0.40} 1-0

[Event "1st Easter Festival-A 2021"]
[Site "Bassano del Grappa"]
[Date "2021.04.02"]
[Round "2.2"]
[White "Solomon, Kenny"]
[Black "Checa, Nicolas"]
[Result "0-1"]
[WhiteElo "2357"]
[BlackElo "2546"]
[Annotator "TA"]
[PlyCount "128"]
[EventDate "2021.04.01"]
[EventType "swiss"]
[EventCountry "ITA"]
[SourceTitle "playchess.com"]
[Source "ChessBase"]
[SourceQuality "1"]

{[%evp 13,128,-13,-10,-7,0,-13,-5,-4,0,-9,0,0,0,0,0,0,0,0,0,0,0,-6,0,0,0,-19,-11,-13,-14,-16,-13,-21,-17,-17,-20,-35,17,7,32,55,32,11,0,0,7,0,5,31,7,0,0,0,0,0,0,-17,0,-62,-22,-30,0,0,0,0,0,0,0,0,0,0,0,0,0,0,0,-8,-8,-8,-8,-8,-8,-8,-8,-8,0,0,0,-8,-8,-8,-8,-8,-8,-715,-704,-706,-740,-871,-848,-803,-671,-748,-718,-955,-965,-795,-684,-1044,-1010,-1585,-1604,-29994,-29995,-29995,-29996,-29998,-29999]} 1. e4 e6 2. d4 d5 3. Nc3 Bb4 4. e5 Ne7 5. a3 Bxc3+ 6. bxc3 c5 7. h4 Qc7 8. Rb1 {8.h5 is setting a new trend. C18: French: 3 Nc3 Bb4: Main line: 7 h4 and 7 Qg4.} b6 9. h5 h6 10. Qg4 {The position is equal.} Rg8 11. Bb5+ Kf8 {And now ...c4 would win.} 12. Bd3 Ba6 {[#]} 13. Bxa6 $146 ({Predecessor:} 13. dxc5 Bxd3 14. cxd3 Nd7 15. d4 bxc5 16. Ne2 Rb8 17. Rxb8+ Qxb8 18. O-O c4 19. Rd1 {½-½ (62) Vachier Lagrave,M (2778)-Nepomniachtchi,I (2784) chess24.com INT 2020}) 13... Nxa6 14. Qe2 Nb8 15. Nf3 cxd4 16. cxd4 Qc3+ 17. Qd2 Qc4 18. Rb4 Qa6 19. Qe2 (19. Rb3 {feels hotter.} Nbc6 20. Ng1 Na5 21. Rf3 Rc8 22. Ne2) 19... Qxe2+ 20. Kxe2 Nbc6 21. Rb1 Na5 22. g4 Rc8 23. Kd3 Ke8 24. Nh4 Rh8 (24... Kd7 $15) 25. f4 $11 Kd7 26. f5 Rc4 27. f6 gxf6 28. exf6 Nec6 29. c3 Nb7 {[#]} 30. Ng6 $1 Rc8 $132 {[%mdl 2048] aiming for ...Nd6. Black is not holding back} 31. Bxh6 Nd6 32. Bd2 Ne4 33. Rbf1 Ng3 ({But not} 33... fxg6 $6 34. f7 $16) 34. Nh4 Rh8 35. Rhg1 ({White should play} 35. Ng6 $11 Rc8 36. h6) 35... Nxf1 $15 36. Rxf1 {[#] Threatening Ng6!} Ne5+ 37. dxe5 {Ng6! is the strong threat.} Rxg4 38. Nf3 {Strongly threatening Rh1.} Rxh5 39. Be3 Rf5 40. Rf2 Rg3 41. Ke2 Kc7 42. Rf1 Kb7 43. Bd4 Ka6 44. Ke3 Kb5 45. Ke2 Ka4 46. Ke3 Rh3 47. Ke2 Ka5 48. Be3 Ka4 49. Bd4 Kb5 50. Be3 {Threatens to win with Nd4+.} Ka5 51. Bd4 Ka4 52. Rf2 Kxa3 53. Rg2 $2 {[%mdl 8192] Now White is beyond hope.} Rhxf3 $19 {[%mdl 4096] Endgame KRR-KRB} 54. Rg7 Kb3 55. Kd2 a5 56. Rxf7 b5 57. Rb7 b4 58. Rb6 Rh5 {( -> ...Rh2+)} 59. Ke2 Rg3 60. Kf1 Rh2 61. Rxe6 Rd3 {[%cal Rd3d1]} 62. Ke1 Kc2 {[%csl Gc2][%cal Rd3d1] Black mates.} 63. Bf2 Rd2 64. cxb4 Rh1+ {Weighted Error Value: White=0.31/Black=0.07} 0-1

[Event "1st Easter Festival-A 2021"]
[Site "Bassano del Grappa"]
[Date "2021.04.02"]
[Round "2.3"]
[White "Dragnev, Valentin"]
[Black "Carlo, Emanuele"]
[Result "1-0"]
[WhiteElo "2564"]
[BlackElo "2282"]
[Annotator "RC"]
[PlyCount "209"]
[EventDate "2021.04.01"]
[EventType "swiss"]
[EventCountry "ITA"]
[SourceTitle "playchess.com"]
[Source "ChessBase"]
[SourceQuality "1"]
[TimeControl "5400+30"]

1. e4 {[%emt 0:01:52]} c5 {[%emt 0:00:00]} 2. Nf3 {[%emt 0:00:35]} d6 {[%emt 0:00:00]} 3. d4 {[%emt 0:00:08]} cxd4 {[%emt 0:00:00]} 4. Nxd4 {[%emt 0:00:06]} Nf6 {[%emt 0:00:00]} 5. Nc3 {[%emt 0:00:03]} a6 {[%emt 0:00:05]} 6. a4 {[%emt 0:00:27]} e5 {[%emt 0:02:51]} 7. Nf3 {[%emt 0:00:07]} Be7 {[%emt 0:03:00]} 8. Bg5 {[%emt 0:00:14]} Be6 {[%emt 0:02:26]} 9. Bxf6 {[%emt 0:02:25]} Bxf6 {[%emt 0:00:19]} 10. Nd5 {[%emt 0:00:04]} Nd7 {[%emt 0:01:02]} 11. Bc4 {[%emt 0:00:11]} O-O {[%emt 0:04:29]} 12. O-O {[%emt 0:00:38]} Rc8 {[%emt 0:01:59]} 13. b3 {[%emt 0:00:39]} Be7 {[%emt 0:06:56]} 14. Qe2 {[%emt 0:10:31]} Nb6 {[%emt 0:07:43]} 15. Nxe7+ {[%emt 0:02:12]} Qxe7 {[%emt 0:00:02]} 16. Bxe6 {[%emt 0:00:12]} fxe6 {[%emt 0:01:02]} 17. Rad1 {[%emt 0:04:29]} Nd7 {[%emt 0:04:45]} 18. Rd2 {[%emt 0:03:48]} Rc6 {[%emt 0:04:24]} 19. Rfd1 {[%emt 0:01:30]} Nf6 {[%emt 0:02:48]} 20. g3 {[%emt 0:11:58]} Qc7 {[%emt 0:06:12]} 21. c4 {[%emt 0:05:19]} Rb6 {[%emt 0:04:15]} 22. Ng5 {[%emt 0:08:47]} Re8 {[%emt 0:04:26]} 23. Rd3 {[%emt 0:05:08]} h6 {[%emt 0:02:28]} 24. Nf3 {[%emt 0:00:10]} Nd7 {[%emt 0:04:14]} 25. Qa2 {[%emt 0:05:34]} a5 {[%emt 0:03:48]} 26. Re3 {[%emt 0:04:17]} Nc5 {[%emt 0:01:12]} 27. Ne1 {[%emt 0:03:19]} Qc6 {[%emt 0:05:20]} 28. Qc2 {[%emt 0:00:10]} Rc8 {[%emt 0:03:10]} 29. Rb1 {[%emt 0:02:39]} Rb4 {[%emt 0:02:12]} 30. Nd3 {[%emt 0:01:57]} Nxd3 {[%emt 0:00:45]} 31. Qxd3 {[%emt 0:00:03]} Qb6 {[%emt 0:03:36]} 32. Rd1 {[%emt 0:00:25]} Rc6 {[%emt 0:00:54]} 33. Qc3 {[%emt 0:00:27]} Qc5 {[%emt 0:01:23]} 34. Rdd3 {[%emt 0:00:17]} Rbb6 {[%emt 0:02:38]} 35. Qd2 {[%emt 0:00:34]} Rc8 {[%emt 0:03:29]} 36. Qd1 {[%emt 0:00:31]} Rf8 {[%emt 0:03:32]} 37. Qg4 {[%emt 0:00:35]} Qc8 {[%emt 0:01:37]} 38. Rd2 {[%emt 0:00:57]} Kh7 {[%emt 0:04:17]} 39. Red3 {[%emt 0:00:43]} Rf6 {[%emt 0:01:51]} 40. Qd1 {[%emt 0:01:39]} Qc5 {[%emt 0:00:32]} 41. Kg2 {[%emt 0:00:28]} Rf8 {[%emt 0:00:51]} 42. Re3 {[%emt 0:01:18]} Rf6 {[%emt 0:00:27]} 43. Rdd3 {[%emt 0:00:21]} Rf8 {[%emt 0:00:39]} 44. Qg4 {[%emt 0:00:16]} Qc8 {[%emt 0:00:49]} 45. h4 {[%emt 0:05:02]} Rf6 {[%emt 0:01:40]} 46. Rc3 {[%emt 0:01:29]} Rc6 {[%emt 0:01:13]} 47. Qd1 {[%emt 0:00:55]} Qf8 {[%emt 0:00:26]} 48. Qd2 {[%emt 0:00:30]} Qf7 {[%emt 0:00:29]} 49. Re2 {[%emt 0:00:36]} Qc7 {[%emt 0:00:26]} 50. Re1 {[%emt 0:01:54]} Rf8 {[%emt 0:00:21]} 51. Rd1 {[%emt 0:00:21]} Qb6 {[%emt 0:00:25]} 52. Rd3 {[%emt 0:00:29]} Qc5 {[%emt 0:00:37]} 53. Rf1 {[%emt 0:00:43]} Rf6 {[%emt 0:00:46]} 54. Qc2 {[%emt 0:00:34]} Kg8 {[%emt 0:00:22]} 55. Rfd1 {[%emt 0:01:50]} Rf8 {[%emt 0:00:42]} 56. R1d2 {[%emt 0:00:09]} Kh8 {[%emt 0:00:22]} 57. Qd1 {[%emt 0:00:15]} Rb6 {[%emt 0:00:37]} 58. Re3 {[%emt 0:06:00]} Rf6 {[%emt 0:00:39]} 59. Rdd3 {[%emt 0:00:19]} Kg8 {[%emt 0:00:27]} 60. Qg4 {[%emt 0:00:46]} Qc7 {[%emt 0:00:17]} 61. Qh5 {[%emt 0:00:36]} Qf7 {[%emt 0:00:50]} 62. Qe2 {[%emt 0:01:11]} Rc6 {[%emt 0:00:20]} 63. Qb2 {[%emt 0:01:38]} Qc7 {[%emt 0:00:26]} 64. Qa3 {[%emt 0:00:26]} Qb6 {[%emt 0:00:36]} 65. Re2 {[%emt 0:00:21]} Rf8 {[%emt 0:00:37]} 66. Red2 {[%emt 0:00:37]} Rd8 {[%emt 0:00:27]} 67. Rf3 {[%emt 0:02:11]} Qc7 {[%emt 0:00:25]} 68. Qc1 {[%emt 0:00:56]} Rf8 {[%emt 0:00:48]} 69. Rfd3 {[%emt 0:00:06]} Rd8 {[%emt 0:00:20]} 70. Qd1 {[%emt 0:00:05]} b6 {[%emt 0:00:51]} 71. Qg4 {[%emt 0:01:18]} Qe7 {[%emt 0:00:06]} 72. Rf3 {[%emt 0:00:55]} Rf8 {[%emt 0:00:14]} 73. Re3 {[%emt 0:01:01]} Kh7 {[%emt 0:00:32]} 74. Qh5 {[%emt 0:00:37]} Qf7 {[%emt 0:00:21]} 75. Qe2 {[%emt 0:03:08]} Qc7 {[%emt 0:00:39]} 76. Red3 {[%emt 0:00:06]} Qe7 {[%emt 0:00:30]} 77. Qe3 {[%emt 0:00:15]} Kg8 {[%emt 0:00:30]} 78. Qe1 {[%emt 0:00:23]} Qc7 {[%emt 0:00:15]} 79. Qd1 {[%emt 0:00:13]} Rd8 {[%emt 0:00:20]} 80. Qg4 {[%emt 0:01:06]} Qe7 {[%emt 0:00:09]} 81. Rd1 {[%emt 0:00:02]} Rf8 {[%emt 0:00:54]} 82. Rf1 {[%emt 0:00:09]} Rf6 {[%emt 0:00:55]} 83. Qd1 {[%emt 0:00:23]} Rf8 {[%emt 0:00:36]} 84. Qd2 {[%emt 0:00:07]} Kh7 {[%emt 0:00:51]} 85. Rd1 {[%emt 0:02:06]} Rd8 {[%emt 0:00:19]} 86. f3 {[%emt 0:00:29]} Kg8 {[%emt 0:00:20]} 87. Qc2 {[%emt 0:00:22]} Qc7 {[%emt 0:00:50]} 88. Qc1 {[%emt 0:00:31]} Qe7 {[%emt 0:00:12]} 89. Qa3 {[%emt 0:01:06]} Qc7 {[%emt 0:00:11]} 90. Kh3 {[%emt 0:00:32]} Qe7 {[%emt 0:00:37]} 91. Qa2 {[%emt 0:00:12]} Rf8 {[%emt 0:00:25]} 92. Qd2 {[%emt 0:00:07]} Rd8 {[%emt 0:00:44]} 93. Rg1 {[%emt 0:00:05]} Rf8 {[%emt 0:00:33]} 94. Qe3 {[%emt 0:00:28]} Qf7 {[%emt 0:00:48]} 95. Rgd1 {[%emt 0:01:02]} Qe7 {[%emt 0:00:20]} 96. R3d2 {[%emt 0:00:39]} Kh7 {[%emt 0:00:57]} 97. f4 {[%emt 0:01:45]} exf4 {[%emt 0:00:27]} 98. gxf4 {[%emt 0:00:01]} Rc5 {[%emt 0:00:54]} 99. Rxd6 {[%emt 0:00:45]} Rh5 {[%emt 0:00:18]} 100. Qg3 {[%emt 0:00:07]} Qf6 {[%emt 0:00:31]} 101. f5 {[%emt 0:00:43]} g5 {[%emt 0:00:31]} 102. Rxe6 {[%emt 0:01:13]} Qb2 {[%emt 0:00:39]} 103. Rd7+ {[%emt 0:00:07]} Kg8 {[%emt 0:00:31]} 104. Rxh6 {[%emt 0:00:14]} Rxh4+ {[%emt 0:00:25]} 105. Rxh4 {[%emt 0:02:11]} 1-0

[Event "1st Easter Festival-A 2021"]
[Site "Bassano del Grappa"]
[Date "2021.04.02"]
[Round "2.4"]
[White "Tisaj, Domen"]
[Black "Moroni, Luca Jr"]
[Result "1/2-1/2"]
[WhiteElo "2287"]
[BlackElo "2552"]
[Annotator "TA"]
[PlyCount "121"]
[EventDate "2021.04.01"]
[EventType "swiss"]
[EventCountry "ITA"]
[SourceTitle "playchess.com"]
[Source "ChessBase"]
[SourceQuality "1"]

{[%evp 11,121,28,34,0,0,0,29,27,55,47,58,32,32,22,30,20,36,25,27,-15,-12,-17,-6,-16,-10,-19,-8,-25,-10,-29,25,-40,-29,-35,-10,-10,-10,-23,-16,-20,-20,-26,-6,-16,-15,-18,0,0,0,0,15,0,0,0,0,-8,0,0,0,0,0,-8,0,0,0,0,0,0,0,0,0,0,0,0,0,0,0,0,0,0,0,0,0,0,0,0,0,0,0,0,0,0,0,0,0,0,0,-8,0,0,0,-8,-8,-8,-8,-8,-8,-8,0,0,0,0]} 1. d4 g6 2. e4 Bg7 3. Nc3 d6 4. Be3 a6 5. Nf3 b5 6. Bd3 Bb7 7. Ne2 {7.a4 is becoming the main line. B06: Modern Defence.} Nf6 8. Ng3 Ng4 9. Bg5 {White has an edge.} h6 10. Bd2 Nd7 11. h3 Ngf6 12. O-O c5 13. c3 O-O {[#]} 14. d5 $146 ({Predecessor:} 14. a4 e5 15. d5 c4 16. Bc2 Nc5 17. Be3 Qc7 18. Qd2 h5 19. Ra3 Nfd7 20. Bh6 {½-½ (29) Sedlak,N (2538)-Ivkov,B (2420) Valjevo 2012}) 14... Re8 15. Re1 e6 16. dxe6 Rxe6 17. a4 Bc6 18. axb5 axb5 19. Bc2 Nb6 20. Bf4 d5 ({Black should play} 20... Rxa1 21. Qxa1 Qe8) 21. exd5 ({White should try} 21. e5 $11 Nfd7 22. b4) 21... Rxe1+ $15 ({Reject} 21... Nfxd5 $6 22. Rxe6 Rxa1 23. Qxa1 $16) 22. Qxe1 Nfxd5 (22... Rxa1 {feels hotter.} 23. Qxa1 Nfxd5 24. Bc1 b4 25. Qa5 Qe7) 23. Rxa8 Qxa8 24. Be5 Nf6 25. Bxf6 Bxf6 26. Be4 Bg7 27. Bxc6 {The position is equal.} Qxc6 28. h4 Na4 29. Qd2 c4 30. h5 b4 31. hxg6 fxg6 {[%cal Rb4c3]} 32. Nd4 Qd6 33. Nge2 bxc3 34. bxc3 Kh7 35. Qc2 Nc5 36. Qd2 Nd3 37. Qe3 Qa3 38. g3 Qa1+ 39. Kg2 Qa8+ 40. Kg1 Qa7 (40... h5 {keeps more tension.} 41. f3 Qa2 42. Kh2 Bf6 43. Kg2 Qa1) 41. Kg2 Qb7+ 42. Kg1 Ne5 (42... h5 {feels hotter.} 43. Ne6 Bh6 44. N2f4 Qb1+ 45. Kh2 Qa2) 43. Nf4 Qb1+ 44. Kg2 Qb7+ 45. Kg1 Qb1+ 46. Kg2 Nd3 47. Nfe6 Qb7+ 48. Kg1 Qe7 49. Qe4 Qf7 50. Nf3 (50. f4 {looks sharper.} Qa7 51. f5 Qa1+ 52. Kh2 Qa2+ 53. Ne2) 50... Qf6 51. Nxg7 (51. Qe3 {with more complications.} g5 52. g4 Kg8 53. Nxg7 Kxg7 54. Nd4) 51... Kxg7 52. Qd4 Qxd4 53. Nxd4 $11 {[%mdl 4096] Endgame KN-KN} Kf6 54. Nc2 g5 55. Ne3 Nb2 56. Kg2 Ke5 57. f3 h5 58. Kh3 Kf6 59. f4 Kg6 60. fxg5 Kxg5 61. Kg2 {Weighted Error Value: White=0.07/Black=0.06} 1/2-1/2

[Event "1st Easter Festival-A 2021"]
[Site "Bassano del Grappa"]
[Date "2021.04.02"]
[Round "2.5"]
[White "Basso, Pier Luigi"]
[Black "Dappiano, Andrea"]
[Result "1-0"]
[WhiteElo "2521"]
[BlackElo "2266"]
[Annotator "TA"]
[PlyCount "259"]
[EventDate "2021.04.01"]
[EventType "swiss"]
[EventCountry "ITA"]
[SourceTitle "playchess.com"]
[Source "ChessBase"]
[SourceQuality "1"]

{[%evp 12,259,27,26,27,32,29,2,16,4,0,0,0,0,0,0,0,0,22,17,83,89,89,79,86,82,81,89,86,88,98,85,149,70,58,68,79,64,63,31,54,31,50,31,32,29,33,29,61,41,41,41,41,41,47,41,41,41,41,41,39,18,18,18,18,18,160,0,53,54,72,72,79,79,79,79,79,70,70,70,70,70,90,70,90,70,70,70,103,103,136,116,141,110,143,110,129,90,136,90,127,90,90,79,79,72,90,90,90,90,90,70,70,70,70,0,70,0,90,73,233,191,220,211,323,322,323,316,285,197,246,110,110,110,110,79,79,79,79,79,110,79,79,79,110,79,79,79,79,79,79,79,79,79,79,79,110,0,110,79,110,110,110,110,110,79,110,79,110,37,86,81,110,19,19,19,23,24,31,31,31,33,102,85,99,99,263,256,248,247,200,166,1268,1268,1254,1213,1199,0,1166,1156,1090,130,1083,1035,1027,1020,891,472,29969,29970,29966,29969,29967,29964,29964,29964,29961,29963,29962,29964,29961,29964,29965,29963,29962,29962,29961,29962,29975,29976,29974,29975,29979,29980,29980,29980,10515,8502,29984,29985,29985,29986,29986,29987,29987,29988,29990,29991,29997,29996]} 1. d4 Nf6 2. c4 e6 3. Nf3 d5 4. Nc3 Bb4 5. cxd5 exd5 6. Bg5 h6 7. Bh4 O-O {D38: Queen's Gambit Declined: Ragozin Defence (4 Nf3 Bb4).} 8. e3 Bf5 9. Bd3 {Recently 9.Be2 got a lot of attention.} Bxd3 {The position is equal.} 10. Qxd3 Nbd7 11. Qb5 Bxc3+ 12. bxc3 {[#]} c6 $146 ({Predecessor:} 12... Nb6 13. Nd2 Qd7 14. Qxd7 Nfxd7 15. a4 a5 16. Ke2 Rfe8 17. Rhb1 Re6 18. Bg3 c5 {1-0 (47) Carlsen,M (2862)-Aronian,L (2781) chess24.com INT 2021}) 13. Qxb7 Qa5 14. Qb2 ({Wrong is} 14. Qxc6 $2 Rfc8 $19) 14... Rab8 15. Qc2 Qa6 (15... Ne4 $11) 16. Bxf6 $16 Nxf6 17. Ne5 c5 18. dxc5 Rfc8 19. Nd3 Ne4 20. O-O $1 Nxc5 21. Nb4 Qc4 (21... Qe6 $142) 22. Qf5 (22. Rad1 $16) 22... g6 23. Qe5 Nd3 24. Nxd3 Qxd3 25. Qf4 Qxc3 26. Qxh6 Rb2 27. h4 Qf6 28. Qg5 Qxg5 29. hxg5 $11 {[%mdl 4096] Endgame KRR-KRR} Rcc2 30. Rad1 Rxa2 31. Rxd5 a5 32. g3 Kf8 33. Re5 Kg7 34. Kg2 a4 35. Ra5 a3 36. g4 Rc3 $1 37. Kg3 Rb2 38. Ra8 Rb5 (38... a2 $11 {remains equal.} 39. Rh1 Rb5) 39. Kf4 $2 (39. Rd1 $1 $16 {[%cal Rd1d8] Hoping for Rdd8.} Rxg5 40. Rd7) 39... Rb4+ (39... Rb2 $11) 40. Kf3 $14 Rb5 41. Rd1 Rxg5 42. Rd7 Rc6 43. Rxa3 Rb5 44. Raa7 Rf6+ 45. Kg3 g5 46. Rd2 Re6 47. Ra8 Rb1 48. Ra4 Rf6 49. Kg2 Re6 50. Rd5 Rg6 51. Rf5 {Ra7 is the strong threat.} Rb7 52. Ra8 Rc7 53. Rd5 Rb7 54. Rdd8 Kf6 55. Kg3 Rc7 56. Rh8 Kg7 57. Rh5 Rc5 58. Rah8 Kf6 59. Rh1 Rb5 60. Rc8 Kg7 61. Rc7 Rf6 62. Rh5 Ra5 63. Rh1 Rb5 $1 64. Rc8 (64. Rc2 $14) 64... Ra5 (64... Rg6 $1 $11 {keeps the balance.}) 65. Rch8 {And now R1h7+ would win.} Rg6 $2 (65... Rfa6 $16) 66. R1h7+ $18 Kf6 67. Rb8 {Strongly threatening Rb6+.} Re5 (67... Ra6 {was worth a try.} 68. Rb5 Ra1) 68. Rb6+ Re6 69. Rb5 Re7 70. Rf5+ Ke6 71. Rh1 (71. Ra5 $18 {has better winning chances. Threatens to win with Ra6+.} Kf6 72. Rf5+ Ke6 73. Rb5) 71... f6 $16 72. Ra5 Kf7 73. Ra8 Rg8 74. Ra6 Kg6 75. Rb1 Rd8 76. Rbb6 Rf8 77. Rc6 Kg7 78. Ra3 Rfe8 79. Rcc3 Rd8 80. Rc5 Rde8 81. Rb5 Kg6 82. Ra1 Rd8 83. Rb6 Rc8 84. Raa6 Rf8 85. Kg2 Kg7 86. Rd6 Kg6 87. Kf3 Kg7 88. Ke2 Rc7 89. Re6 Kg6 90. e4 (90. Reb6 $16) 90... Rc2+ 91. Kf1 Kg7 92. e5 (92. Kg2 $16) 92... fxe5 $11 93. Rg6+ Kh7 94. Rh6+ Kg7 95. Rag6+ {[%mdl 64] Double Attack} Kf7 96. Rxg5 Re8 ({Better is} 96... e4 $14) 97. Rhh5 {Black is on the road to losing.} (97. Rh7+ {with more complications.} Kf6 98. Rhg7 e4 99. R5g6+ Ke5 100. Rf7) 97... e4 98. Re5 {aiming for Rhf5+.} Rxe5 $2 (98... Re6 $16) 99. Rxe5 $16 {KR-KR} Rc4 100. Ke2 $1 Kf6 101. Rf5+ Kg6 $2 (101... Ke6 102. Ke3 Rb4) 102. Ke3 $18 Ra4 103. Re5 Ra2 104. Rf5 Ra4 $1 105. Rd5 Rb4 106. Ra5 $2 (106. Re5 $18 Rb2 107. Rxe4) 106... Rc4 $2 {[%mdl 8192]} (106... Kf6 $16 107. Rd5 Ra4) 107. Re5 Rc2 108. Rxe4 Kg5 109. Kf3 Kh4 (109... Rc3+ $18 110. Re3 Rc4 111. Re5+ Kf6) 110. Re5 {[%csl Gg4][%cal Re5h5]} Rc3+ {[#]} 111. Kf4 $1 {[%csl Gg4][%cal Re5h5]} Rc4+ 112. Re4 Rc8 {[#]} 113. Kf5 $1 Rf8+ 114. Kg6 Rg8+ 115. Kf7 Ra8 116. f3 Ra3 117. Kg6 Ra6+ 118. Kf5 Ra5+ 119. Re5 Ra6 120. f4 Ra8 121. g5 Kh5 122. Re6 {[%csl Gg5][%cal Re6h6]} Ra5+ 123. Kf6 Ra4 124. g6 Kh6 125. f5 {White mates.} Ra8 126. Kf7 Ra7+ 127. Re7 Ra8 128. g7 Kh7 129. f6 Rf8+ 130. Kxf8 {Weighted Error Value: White=0.12/Black=0.14} 1-0

[Event "1st Easter Festival-A 2021"]
[Site "Bassano del Grappa"]
[Date "2021.04.02"]
[Round "2.6"]
[White "Brilej, Jaka"]
[Black "Bjerre, Jonas Buhl"]
[Result "0-1"]
[WhiteElo "2279"]
[BlackElo "2549"]
[Annotator "TA"]
[PlyCount "94"]
[EventDate "2021.04.01"]
[EventType "swiss"]
[EventCountry "ITA"]
[SourceTitle "playchess.com"]
[Source "ChessBase"]
[SourceQuality "1"]

{[%evp 17,94,18,20,12,31,14,37,34,45,28,33,39,52,39,47,46,51,51,62,71,63,75,71,53,42,20,72,0,0,0,0,0,60,61,60,0,0,0,0,-18,-8,-8,-2,-26,-25,-15,-19,-108,-99,-101,-101,-111,-112,-105,-88,-118,-124,-149,-147,-132,-135,-142,-135,-221,-218,-310,-307,-380,-343,-442,-417,-1051,-456,-1044,-982,-1421,-1401,-1200,-683]} 1. e4 c5 2. Nf3 d6 3. d4 cxd4 4. Nxd4 Nf6 5. Nc3 a6 6. f3 e5 7. Nb3 Be7 8. Be3 Be6 9. Qd2 h5 10. Nd5 {B90: Sicilian Najdorf: Unusual White 6th moves, 6 Be3 Ng4 and 6 Be3 e5.} Bxd5 11. exd5 Nbd7 12. Be2 {White is slightly better.} Qc7 $1 {[%mdl 4] outshines the older 12...0-0.} 13. c4 a5 14. Rc1 {[#]} Nh7 $146 ({Predecessor:} 14... O-O 15. O-O g6 16. Na1 Bd8 17. Nc2 Qb8 18. Na3 Bb6 19. Bxb6 Nxb6 20. Nb5 Nbd7 {½-½ (59) Ponomariov,R (2675)-Van Foreest,J (2621) Douglas 2019}) 15. O-O a4 16. Na1 Qd8 17. Nc2 Bg5 18. f4 exf4 19. Bxf4 g6 20. Nd4 (20. c5 $5 O-O 21. c6 (21. cxd6 Qb6+ 22. Qd4 Bxf4 $14) 21... Bxf4 22. Rxf4 $16 (22. Qxf4 Ne5 $16)) 20... O-O 21. Bxg5 Nxg5 (21... Qxg5 $11 22. Rf4 Nc5) 22. Nb5 (22. Qf4 $16) 22... Qb6+ $11 23. Kh1 Ne4 24. Qf4 Rae8 ({Black should try} 24... f5 $11) 25. Bd3 $14 Nec5 26. Qd4 (26. Bb1 $14) 26... Nxd3 $11 27. Qxd3 Ne5 28. Qd4 Qxd4 29. Nxd4 Nd3 $36 {[%mdl 2048] Black has some pressure.} 30. Rc2 Re4 31. Nb5 Rd8 32. a3 (32. Kg1 $11 {remains equal.}) 32... Kf8 {White is now going downhill.} 33. h3 Ke7 34. Rd1 {[#]} Nc5 35. Kg1 Kd7 36. Rd4 Re1+ 37. Kf2 Rde8 38. Nc3 g5 39. Ne2 {[#]} Ra1 40. Nc1 (40. Nc3 $17) 40... h4 $19 41. Kf3 (41. Rd1 $142) 41... f5 42. Kf2 f4 43. Ne2 Ne4+ 44. Kf3 (44. Rxe4 $142 Rxe4 45. Nc1) 44... Rf1+ {Black is clearly winning.} 45. Kg4 {intending Nc3.} Rf2 46. Rd1 Rxg2+ 47. Kh5 Rxe2 {Weighted Error Value: White=0.49/Black=0.05} 0-1